| 000 | 00594nam a22002177a 4500 | ||
|---|---|---|---|
| 003 | OSt | ||
| 005 | 20140310182909.0 | ||
| 008 | 130128t xxu||||| |||| 00| 0 eng d | ||
| 020 | _a9719194723 | ||
| 050 |
_aHF5718 _b.M553 2003 |
||
| 082 |
_aFIL 658.45 _bM54 2003 |
||
| 245 |
_aSelf-made communication manager _cMercado, Cesar |
||
| 260 |
_aQuezon City _bDevelopment Consultants for Asia Africa Pacific _cc2003 |
||
| 300 |
_a278 p. _c21 cm. |
||
| 521 | _acollege students | ||
| 526 | _c1210L-1700L | ||
| 541 | _j1 | ||
| 541 | _j2 | ||
| 562 | _e2 | ||
| 942 |
_2lcc _cBK _kFIL |
||
| 999 |
_c17199 _d17199 |
||